00314nam a22001337a 4500003000700000005001700007008004100024082002100065100001400086245002100100260003400121300000800155650001700163MPLRDC20220104125240.0210129b ||||| |||| 00| 0 eng d a857.9 LCY-78 v.1 a柳残阳 a血烟劫. 上c ab中国华侨出版社c1993 b平 a武侠小说